000 01002nam a2200301Ia 4500
001 79137
003 IT-RoPAU
008 130308s9999 xx 000 0 und d
040 _aIT-RoPAU
040 _cIT-RoPAU
041 _aITALIANO
100 _aLospinoso Mariannita
100 _gCodice Aut. SPICS: 27379
245 _aCanto e musica -La musica come modo di vivere
245 _bPopoli Diversi-4
250 _a1a ed.
260 _aTORINO
260 _bSAIE
260 _c1979 [1° Ed.:1979 - Ed.Ling.Originale:1979]
300 _a"14 p. (prefazione: no ; testo: 14 [pagine: 124-137])"
500 _aCanti collettivi e Individuali Canti rituali e di Lavoro Canti di lode Diversità di Stili Musica Strumentale Strumenti Musicali Strumenti Musicali a Corde Tese Simbologia degli Strumenti a Fiato Orchestre Indonesiane di Strumenti a Percussione
650 _aANTROPOLOGIA
650 _eCodice materia Spics: 3501
942 _cBK
957 _71
999 _c41720
_d41720
999 _bSI
999 _g1